000 00670nam a2200193Ia 4500
005 20250508164838.0
008 008 250505s9999 xx 000 0 hin d
037 _aDissertations
040 _aFEDL
_beng
_cFEDL
041 _ahin
_2eng
084 _a371.2, YAD/DI
_qFEDL
100 _aYadav Meera
_9779283
245 0 _aSarkari vidyalayon me prashasko ki karyasheli me gunatmak sudhar aur netritava shamta ka vikas karne ke liye Delhi sarkar dwara kiye gaye prayaso ka vishleshnatmak addhyan
260 _c2009
300 _a139p.
546 _aM. Ed. Dissertation (Delhi University)
942 _cDIS
_h371.2, YAD/DI
999 _c1391543
_d1391543